000 01475nab a22002297a 4500
999 _c5481
_d5481
003 OSt
005 20251204090714.0
008 190604e xxu||||| |||| 00| 0 spa d
040 _cPJ
100 _91899
_aBorda, Alejandro
245 1 3 _aEl error como vicio del consentimiento ¿Es justificable su regulación en el Código Civil y Comercial de la Nación? /
_cAlejandro Borda.
260 _aCiudad Autónoma de Buenos Aires :
_bThomson Reuters La Ley,
_c2025.
300 _ap. 81-92
500 _aCita Online: TR LALEY AR/DOC/1720/2025.
505 _aSumario: I. Introducción.— II. El error como vicio del consentimiento.— III. El error de derecho.— IV. El error de hecho.— V. Error esencial y error accidental.— VI. Error excusable e inexcusable.— VII. Crítica general de la teoría del error.— VIII. Crítica a los supuestos normativos de error esencial.— IX. El error reconocible.— X. El error de expresión, cálculo o "de pluma".— XI. La subsistencia del acto.— XII. La declaración hecha con espíritu de broma.— XIII. Conclusiones.
505 _t¿Te interesa el texto completo? Solicitalo al correo: koha@justierradelfuego.gov.ar
650 0 _94273
_aCONSENTIMIENTO INFORMADO
650 0 _92525
_aVICIOS DE LA VOLUNTAD
650 0 _93407
_aACTO VOLUNTARIO
773 0 _02714
_93171
_dCiudad Autónoma de Buenos Aires : Thomson Reuters La Ley, 2014-
_tRevista anales de legislación argentina. Nº 8 - Agosto 2025.
942 _2udc
_cANA